000 00718nam a2200229 a 4500
001 13763
003 BD-JhCC
005 20240321113720.0
008 240321b2024 bg |||| ||a| 000 0 Ben d
020 _a9789849758372
035 _a(BD-JhCC)13763
040 _aBD-JhCC
_dBD-JhCC
041 _aBengali
082 _a891.4415
_bCHA 2024
100 _aচট্টোপাধ্যায়, বীথি
245 _aনির্বাচিত প্রেমের কবিতা /
_cবীথি চট্টোপাধ্যায় ।
260 _aঢাকা:
_bঅন্য প্রকাশ;
_c2024.
300 _a63 p. :
_c22 cm
650 _aBengali Poem.
942 _2ddc
_cBK
999 _c13763
_d13763